000163139 001__ 163139
000163139 005__ 20251009145936.0
000163139 0248_ $$2sideral$$a144715
000163139 037__ $$aART-2025-144715
000163139 041__ $$aspa
000163139 100__ $$0(orcid)0000-0003-1452-2531$$aPérez Gallo, Víctor Hugo$$uUniversidad de Zaragoza
000163139 245__ $$aFortuna y Maniac: dos rutas literarias hacia el capitalismo posmoderno y la deshumanización progresiva
000163139 260__ $$c2025
000163139 5060_ $$aAccess copy available to the general public$$fUnrestricted
000163139 5203_ $$aHace un tiempo tuve la oportunidad de leer dos libros: Fortuna, de Hernán Díaz (Premio Pulitzer, 2023) y Maniac, (2023), de Benjamín Labatut: dos novelas publicadas el mismo año por la editorial Anagrama. Dos novelas aparentemente diferentes, dos novelas aparentemente con temas específicos. Debo decir que había pasado un tiempo desde su lectura, hasta que una noche, en la universidad, me puse a escribir un ensayo sobre las narrativas legitimadoras del capitalismo posmoderno como sistema socio simbólico y económico: ambas novelas me vinieron a la cabeza. Entonces comprendí que debía dejar a un lado la compleja sociología fenomenológica. ¿Por qué? Pues porque en las novelas estaba la respuesta a mi tesis y de una forma mucho más clara y precisa...
000163139 540__ $$9info:eu-repo/semantics/openAccess$$aAll rights reserved$$uhttp://www.europeana.eu/rights/rr-f/
000163139 655_4 $$ainfo:eu-repo/semantics/article$$vinfo:eu-repo/semantics/publishedVersion
000163139 7102_ $$14009$$2775$$aUniversidad de Zaragoza$$bDpto. Psicología y Sociología$$cÁrea Sociología
000163139 773__ $$g170 (2025), 155-165$$tPapeles de relaciones ecosociales y cambio global$$x1888-0576
000163139 8564_ $$s182448$$uhttps://zaguan.unizar.es/record/163139/files/texto_completo.pdf$$yVersión publicada
000163139 8564_ $$s1074922$$uhttps://zaguan.unizar.es/record/163139/files/texto_completo.jpg?subformat=icon$$xicon$$yVersión publicada
000163139 909CO $$ooai:zaguan.unizar.es:163139$$particulos$$pdriver
000163139 951__ $$a2025-10-08-12:59:58
000163139 980__ $$aARTICLE